000 00633nam a22001217a 4500
040 _cRUA
082 _aVEM PHA 2019 B1-602 Or.
100 _aPHAN SOVANN,ផាន់ សុវណ្ណ
245 _aCASE OF SALMONELLA SPP. ANTIMICROBIAL RESISTANCE ON CHICKEN MEAT AT ANGTASOM MARKET,TRAMKAK DISTRICT,TAKEO PROVINCE,ករណី ស៊ាំនឹងឱសថអង់ទីប្យូទិចលើសាច់មាន់នៅផ្សារអង្គតាមសោម ស្រុកត្រាំកក់ ខេត្តតាកែវ
260 _aphnom penh
_brua
_c2019
300 _ax.41p.
_bill.
_c29cm.
942 _cVEM
999 _c21652
_d21652